Central Library and Information Centre
Sibsagar Girls' College, Sivasagar : Assam

SANTA PURAN (Hindi ) (Record no. 9222)

MARC details
000 -LEADER
fixed length control field 00422cam a2200169ua 4500
008 - FIXED-LENGTH DATA ELEMENTS--GENERAL INFORMATION
fixed length control field 160227n II |||gr||||Z||||||hin
040 ## - CATALOGING SOURCE
Original cataloging agency MAIN
041 ## - LANGUAGE CODE
-- English
082 ## - DEWEY DECIMAL CLASSIFICATION NUMBER
Classification number 891.43 BAS
100 ## - MAIN ENTRY--PERSONAL NAME
Personal name BASISTHA , SUDARSHAN .
245 ## - TITLE STATEMENT
Title SANTA PURAN (Hindi )
260 ## - PUBLICATION, DISTRIBUTION, ETC.
Place of publication, distribution, etc. NOIDA, U.P.:
Name of publisher, distributor, etc. LALIT BOOK DISTRICT,
Date of publication, distribution, etc. 2009.
300 ## - PHYSICAL DESCRIPTION
Extent 83:
Dimensions 20CM.
700 ## - ADDED ENTRY--PERSONAL NAME
Personal name BASISTHA , SUDARSHAN .,
Relator term Author.
942 ## - ADDED ENTRY ELEMENTS (KOHA)
Koha item type Books
Holdings
Withdrawn status Lost status Damaged status Not for loan Collection code Home library Current library Shelving location Date acquired Full call number Barcode Date last seen Copy number Price effective from Koha item type
        REFASM Central Library and Information Centre Sibsagar Girls College Central Library and Information Centre Sibsagar Girls College Hindi Books 04.02.1984 891.43 BAS 08530 27.02.2020 1 27.02.2020 Books


Sibsagar Girl's College © 2020. All rights reserved.
Powered by Koha.
Maintained by Abhijit Borpuzari.